| 000 | 00520nam a2200157 i 4500 | ||
|---|---|---|---|
| 001 | 33079 | ||
| 003 | ES-MaACL | ||
| 007 | t| | ||
| 008 | 030201s1928 sp ||||1| spa d | ||
| 100 | 1 |
_aBeraud, Francisco. _927831 |
|
| 245 | 1 | 0 |
_aLegislación hipotecaria _b: obra adaptada al programa de oposiciones a registros / _cpor Francisco Beraud y Antonio Ríos Mosquera. |
| 260 |
_aMadrid : _bReus, _c1928. |
||
| 300 |
_a2 v. ; _c23 cm. |
||
| 700 | 1 |
_aRíos Mosquera, Antonio. _997388 |
|
| 852 |
_aES-MaACL _jB-9141-42 _bR.18721 |
||
| 999 |
_c33079 _d33079 |
||